<?xml version="1.0" encoding="UTF-8"?>
<record
    xmlns:xsi="http://www.w3.org/2001/XMLSchema-instance"
    xsi:schemaLocation="http://www.loc.gov/MARC21/slim http://www.loc.gov/standards/marcxml/schema/MARC21slim.xsd"
    xmlns="http://www.loc.gov/MARC21/slim">

  <leader>03312nam a2200457Ii 4500</leader>
  <controlfield tag="001">DIGMECD0041</controlfield>
  <controlfield tag="003">NyNyDIG</controlfield>
  <controlfield tag="008">140822s2011    sp      ob    000 0 spa d</controlfield>
  <controlfield tag="006">m     o  d        </controlfield>
  <controlfield tag="007">cr |||||||||||</controlfield>
  <datafield tag="040" ind1=" " ind2=" ">
    <subfield code="a">DGITA</subfield>
    <subfield code="b">eng</subfield>
    <subfield code="e">rda</subfield>
    <subfield code="e">pn</subfield>
    <subfield code="c">DGITA</subfield>
  </datafield>
  <datafield tag="020" ind1=" " ind2=" ">
    <subfield code="a">9788436952629</subfield>
    <subfield code="q">(eBook)</subfield>
  </datafield>
  <datafield tag="020" ind1=" " ind2=" ">
    <subfield code="a">8436952626</subfield>
    <subfield code="q">(eBook)</subfield>
  </datafield>
  <datafield tag="020" ind1=" " ind2=" ">
    <subfield code="z">9788436948226</subfield>
    <subfield code="q">CD-ROM</subfield>
  </datafield>
  <datafield tag="020" ind1=" " ind2=" ">
    <subfield code="z">843694822X</subfield>
    <subfield code="q">CD-ROM</subfield>
  </datafield>
  <datafield tag="024" ind1="7" ind2=" ">
    <subfield code="a">030-12-010-3</subfield>
    <subfield code="q">libro electr&#xF3;nico</subfield>
    <subfield code="2">nipo</subfield>
  </datafield>
  <datafield tag="035" ind1=" " ind2=" ">
    <subfield code="a">(OCoLC)808349425</subfield>
  </datafield>
  <datafield tag="043" ind1=" " ind2=" ">
    <subfield code="a">e-sp---</subfield>
  </datafield>
  <datafield tag="050" ind1="1" ind2="4">
    <subfield code="a">HD1697.S7 eBook</subfield>
  </datafield>
  <datafield tag="245" ind1="0" ind2="0">
    <subfield code="a">Agua y sostenibilidad :</subfield>
    <subfield code="b">recursos, riesgos y remedios /</subfield>
    <subfield code="c">direcci&#xF3;n editorial..., Antonio Moreno Gonz&#xE1;lez.</subfield>
  </datafield>
  <datafield tag="264" ind1=" " ind2="1">
    <subfield code="a">[Madrid] :</subfield>
    <subfield code="b">Ediciones del Instituto de Formaci&#xF3;n del Profesorado, Investigaci&#xF3;n e Innovaci&#xF3;n Educativa,</subfield>
    <subfield code="c">2012.</subfield>
  </datafield>
  <datafield tag="264" ind1=" " ind2="3">
    <subfield code="a">[Madrid] :</subfield>
    <subfield code="b">Secretar&#xED;a General T&#xE9;cnica, Subdirecci&#xF3;n General de Documentaci&#xF3;n y Publicaciones</subfield>
  </datafield>
  <datafield tag="300" ind1=" " ind2=" ">
    <subfield code="a">1 online resource (517 pages).</subfield>
  </datafield>
  <datafield tag="336" ind1=" " ind2=" ">
    <subfield code="a">text</subfield>
    <subfield code="b">txt</subfield>
    <subfield code="2">rdacontent</subfield>
  </datafield>
  <datafield tag="337" ind1=" " ind2=" ">
    <subfield code="a">computer</subfield>
    <subfield code="b">c</subfield>
    <subfield code="2">rdamedia</subfield>
  </datafield>
  <datafield tag="338" ind1=" " ind2=" ">
    <subfield code="a">online resource</subfield>
    <subfield code="b">cr</subfield>
    <subfield code="2">rdacarrier</subfield>
  </datafield>
  <datafield tag="490" ind1="1" ind2=" ">
    <subfield code="a">Colecci&#xF3;n Conocimiento educativo. Serie Aula permanente</subfield>
  </datafield>
  <datafield tag="505" ind1="0" ind2=" ">
    <subfield code="a">Las competencias b&#xE1;sicas a trav&#xE9;s del agua / Isabel Monguilot Abeti -- El agua en las ense&#xF1;anzas de Infantil y Primaria : objetivos, contenidos y evaluaci&#xF3;n / Ana Viera S&#xE1;nchez -- El agua en las ense&#xF1;anzas m&#xED;nimas de Secundaria / Valent&#xED;n Gavidia Catal&#xE1;n -- El cambio clim&#xE1;tico : algo m&#xE1;s que un riesgo / Emilio Pedrinaci Rodr&#xED;guez -- Agua y sostentibilidad : dos t&#xE9;rminos inseparables / Amparo Vilches Pe&#xF1;a y Daniel Gil P&#xE9;rez -- El gran desaf&#xED;o : dise&#xF1;ar el papel de la escuela en la apuesta colectiva por la buena gobernabilidad del agua / Carmelo Marc&#xE9;n Albero -- Valores y derechos en juego en la gesti&#xF3;n del agua / Pedro Arrojo Agudo -- Foro joven : R&#xED;os para vivirlos : una experiencia de reflexi&#xF3;n en torno a los r&#xED;os en la Cuenca del Ebro / Olga Conde Campos y Carmelo Marc&#xE9;n Albero -- Materiales did&#xE1;cticos sobre agua y desarrollo sostenible en la Expo Zaragoza 2008 / Pilar Gonz&#xE1;lez Meyaui y Carmelo Marc&#xE9;n Albero -- El uso del agua en Roma / Gregorio Fern&#xE1;ndez Mateu -- El agua : proyecto did&#xE1;ctico para la formaci&#xF3;n ciudadana (1) / Catalina L&#xF3;pez Mart&#xED;nez -- El agua : proyecto did&#xE1;ctico para la formaci&#xF3;n ciudadana (2) / Laudelina P&#xE9;rez Gago -- El valor del agua / Agust&#xED;n Marin&#xE9; Conill -- El agua y su gesti&#xF3;n : aprovechamiento hidroel&#xE9;ctrico / Josep Grau Cotilla.</subfield>
  </datafield>
  <datafield tag="504" ind1=" " ind2=" ">
    <subfield code="a">Includes bibliographical references.</subfield>
  </datafield>
  <datafield tag="588" ind1="0" ind2=" ">
    <subfield code="a">Online resource; title from ePub and PDF title page (Digitalia, viewed Aug. 22, 2014)</subfield>
  </datafield>
  <datafield tag="650" ind1=" " ind2="0">
    <subfield code="a">Water resources development</subfield>
    <subfield code="z">Spain.</subfield>
  </datafield>
  <datafield tag="655" ind1=" " ind2="0">
    <subfield code="a">Electronic books.</subfield>
  </datafield>
  <datafield tag="700" ind1="1" ind2=" ">
    <subfield code="a">Moreno Gonz&#xE1;lez, Antonio,</subfield>
    <subfield code="e">editor.</subfield>
  </datafield>
  <datafield tag="791" ind1="2" ind2=" ">
    <subfield code="a">Digitalia (Firm),</subfield>
    <subfield code="e">distributor.</subfield>
  </datafield>
  <datafield tag="793" ind1="0" ind2=" ">
    <subfield code="g">Digitalia eBook Collection:</subfield>
    <subfield code="a">Ministerio de Educaci&#xF3;n, Cultura y Deporte de Espa&#xF1;a</subfield>
  </datafield>
  <datafield tag="776" ind1="0" ind2="8">
    <subfield code="i">CD-ROM version:</subfield>
    <subfield code="t">Agua y sostenibilidad.</subfield>
    <subfield code="d">[Madrid] : Ministerio de Educaci&#xF3;n, Subdirecci&#xF3;n General de Documentaci&#xF3;n y Publicaciones, 2010</subfield>
    <subfield code="z">9788436948226</subfield>
  </datafield>
  <datafield tag="830" ind1=" " ind2="0">
    <subfield code="a">Conocimiento educativo.</subfield>
    <subfield code="p">Serie Aula permanente.</subfield>
  </datafield>
  <datafield tag="856" ind1="4" ind2="0">
    <subfield code="3">Digitalia Hisp&#xE1;nica</subfield>
    <subfield code="u">https://www.digitaliapublishing.com/a/17797/</subfield>
  </datafield>
  <datafield tag="910" ind1=" " ind2=" ">
    <subfield code="a">Premium Collection: 2014</subfield>
  </datafield>
  <datafield tag="942" ind1=" " ind2=" ">
    <subfield code="c">RAA</subfield>
  </datafield>
  <datafield tag="952" ind1=" " ind2=" ">
    <subfield code="0">0</subfield>
    <subfield code="1">0</subfield>
    <subfield code="4">0</subfield>
    <subfield code="7">0</subfield>
    <subfield code="8">DEH</subfield>
    <subfield code="a">BD-UIN</subfield>
    <subfield code="b">BD-UIN</subfield>
    <subfield code="d">2025-04-25</subfield>
    <subfield code="l">0</subfield>
    <subfield code="r">2025-04-25</subfield>
    <subfield code="w">2025-04-25</subfield>
    <subfield code="y">RAA</subfield>
  </datafield>
  <datafield tag="999" ind1=" " ind2=" ">
    <subfield code="c">235551</subfield>
    <subfield code="d">235551</subfield>
  </datafield>
</record>
